Суббота 27 мая 1944 г. Концерт симфонического оркестра. Дирижер - К.И. Элиасберг. Солист - лауреат Всесоюзного конкурса музыкантов-исполнителей Натан Перельман (Запись № 12978)
[ простой вид ]
| 000 -МАРКЕР | |
|---|---|
| контрольное поле | 03513nam0a2200517 4500 |
| 001 - ИДЕНТИФИКАТОР ЗАПИСИ | |
| контрольное поле | RU\NLR\BIBL_A\011998874 |
| 005 - ИДЕНТИФИКАТОР ВЕРСИИ | |
| контрольное поле | 20250809113144.0 |
| 020 ## - НОМЕР ДОКУМЕНТА В НАЦИОНАЛЬНОЙ БИБЛИОГРАФИИ | |
| Код страны | российская федерация |
| Основное заглавие издания Российской книжной палаты | Ленинград в Великой Отечественной войне. Коллекция. Афиши |
| 035 ## - ДРУГИЕ СИСТЕМНЫЕ НОМЕРА | |
| Идентификатор записи | (NLR Aleph) 011998874 |
| 100 ## - ДАННЫЕ ОБЩЕЙ ОБРАБОТКИ | |
| Данные общей обработки | 20190425d1944 u y0rusy50 ca |
| 101 0# - ЯЗЫК РЕСУРСА | |
| Язык текста, звукозаписи и т.д. | русский |
| 102 ## - СТРАНА ПУБЛИКАЦИИ ИЛИ ПРОИЗВОДСТВА | |
| Страна публикации | российская федерация |
| 105 ## - ПОЛЕ КОДИРОВАННЫХ ДАННЫХ: ТЕКСТОВЫЕ МАТЕРИАЛЫ, МОНОГРАФИЧЕСКИЕ | |
| Кодированные данные о монографическом текстовом документе | y z 000zy |
| 135 ## - ПОЛЕ КОДИРОВАННЫХ ДАННЫХ: ЭЛЕКТРОННЫЕ РЕСУРСЫ | |
| Кодированные данные для электронного ресурса | crcn 024anaba |
| 200 1# - ЗАГЛАВИЕ И СВЕДЕНИЯ ОБ ОТВЕТСТВЕННОСТИ | |
| Основное заглавие | Суббота 27 мая 1944 г. Концерт симфонического оркестра. Дирижер - К.И. Элиасберг. Солист - лауреат Всесоюзного конкурса музыкантов-исполнителей Натан Перельман |
| Сведения, относящиеся к заглавию | [афиша] |
| Первые сведения об ответственности | Управление по делам искусств Исполкома Ленгорсовета и Лениградский комитет по радиовещанию, Большой зал Филармонии |
| 210 ## - ПУБЛИКАЦИЯ, РАСПРОСТРАНЕНИЕ И ДР. | |
| Место издания, распространения и т.д. | [Ленинград] |
| Имя издателя, распространителя и т. д. | ЛТ УН-1 |
| Дата издания, распространения и т.д. | 1944 |
| 215 ## - ФИЗИЧЕСКАЯ ХАРАКТЕРИСТИКА | |
| Специфическое обозначение материала и объем | 1 л. |
| Размеры | 36x53 |
| 300 ## - ОБЩИЕ ПРИМЕЧАНИЯ | |
| Текст примечания | Начало концерта в 19 часов. Билеты продаются в кассе Филармонии ежедневно с 11 часов до 19 часов |
| 300 ## - ОБЩИЕ ПРИМЕЧАНИЯ | |
| Текст примечания | Заказ 2265 |
| 325 ## - ПРИМЕЧАНИЕ О КОПИИ | |
| Текст примечания | Копия доступна в Электрон. б-ке РНБ |
| 327 ## - ПРИМЕЧАНИЯ О СОДЕРЖАНИИ | |
| Текст примечания | Программа: 1-е отделение: Николай Раков - Симфония (в 1-й раз). 2-е отделение: Шопен - Концерт для фортепиано с оркестром e-moll. Исполнит Натан Перельман в сопровождении оркестра. Лист - Прелюдии |
| 517 1# - ДРУГИЕ ВАРИАНТЫ ЗАГЛАВИЯ | |
| Вариант заглавия | Концерт симфонического оркестра |
| 606 1# - НАИМЕНОВАНИЕ ТЕМЫ КАК ПРЕДМЕТ | |
| Наименование темы | Театральная жизнь |
| Географический подзаголовок | Ленинград, город |
| Хронологический подзаголовок | 1941 - 1944 |
| Формальный подзаголовок | Афиши |
| Код системы | nlr_sh2 |
| Идентификатор авторитетной/нормативной записи | RU\NLR\AUTH\6601649837 |
| 686 ## - ИНДЕКСЫ ДРУГИХ КЛАССИФИКАЦИЙ | |
| Индекс | Щ333(2Р=Рус)7-692Ленинград |
| 702 #1 - ИМЯ ЛИЦА - ВТОРИЧНАЯ ОТВЕТСТВЕННОСТЬ | |
| Начальный элемент ввода | Элиасберг |
| Часть имени, кроме начального элемента ввода | К.И. |
| Дополнения к именам, кроме дат | дирижер |
| Даты | 1907-1978 |
| Расширение инициалов личного имени | Карл Ильич |
| Идентификатор авторитетной/нормативной записи | RU\NLR\AUTH\770162896 |
| Код отношения | Дирижер, Руководитель оркестра |
| 702 #1 - ИМЯ ЛИЦА - ВТОРИЧНАЯ ОТВЕТСТВЕННОСТЬ | |
| Начальный элемент ввода | Перельман |
| Часть имени, кроме начального элемента ввода | Н. Е. |
| Дополнения к именам, кроме дат | пианист |
| Даты | 1906-2002 |
| Расширение инициалов личного имени | Натан Ефимович |
| Идентификатор авторитетной/нормативной записи | RU\NLR\AUTH\770202051 |
| Код отношения | Актер |
| 710 02 - НАИМЕНОВАНИЕ ОРГАНИЗАЦИИ - ПЕРВИЧНАЯ ОТВЕТСТВЕННОСТЬ | |
| Начальный элемент ввода | Ленинградский комитет по радиофикации и радиовещанию |
| Структурное подразделение | Симфонический оркестр |
| Идентификатор авторитетной/нормативной записи | RU\NLR\AUTH\880499671 |
| 712 02 - НАИМЕНОВАНИЕ ОРГАНИЗАЦИИ - ВТОРИЧНАЯ ОТВЕТСТВЕННОСТЬ | |
| Начальный элемент ввода | Ленинградская филармония им. Д. Д. Шостаковича |
| Структурное подразделение | Большой зал |
| Идентификатор авторитетной/нормативной записи | RU\NLR\AUTH\880496902 |
| Код отношения | Прочие |
| 852 ## - МЕСТОНАХОЖДЕНИЕ И ШИФР ХРАНЕНИЯ | |
| Идентификатор организации | NLR |
| Шифр хранения (Call Number) | Л3-330а/33/3/1944-май (4) |
| 856 #0 - МЕСТОНАХОЖДЕНИЕ ЭЛЕКТРОННЫХ РЕСУРОВ И ДОСТУП К НИМ | |
| Универсальный идентификатор ресурса (Uniform Resource Identifier) | http://vivaldi.nlr.ru/ll000010848/view |
| 856 #1 - МЕСТОНАХОЖДЕНИЕ ЭЛЕКТРОННЫХ РЕСУРОВ И ДОСТУП К НИМ | |
| Универсальный идентификатор ресурса (Uniform Resource Identifier) | http://vivaldi.nlr.ru/ll000010848/cover |
| 856 #2 - МЕСТОНАХОЖДЕНИЕ ЭЛЕКТРОННЫХ РЕСУРОВ И ДОСТУП К НИМ | |
| Универсальный идентификатор ресурса (Uniform Resource Identifier) | http://vivaldi.nlr.ru/ll000010848/text |
| 942 ## - ДОПОЛНИТЕЛЬНЫЕ ЭЛЕМЕНТЫ ЗАПИСИ (АБИС) | |
| Тип экземпляра АБИС | Визуальный материал |
| 945 ## - Информацию об издании предоставили: | |
| Полное название организации, предоставившей материал | Российская национальная библиотека |
| 980 ## - КОЛЛЕКЦИЯ | |
| Название коллекции | Национальная библиография |
| 980 ## - КОЛЛЕКЦИЯ | |
| Название коллекции | Библиография Победы |
| 980 3# - КОЛЛЕКЦИЯ | |
| Название коллекции | КП2019 Ленинград в Великой Отечественной войне |
| 980 3# - КОЛЛЕКЦИЯ | |
| Название коллекции | Книжные памятники РНБ |
| 981 37 - КОЛЛЕКЦИЯ ЭЛЕКТРОННОЙ БИБЛИОТЕКИ | |
| Название коллекции | Ленинград в Великой Отечественной войне |
| Название подколлекции | Афиши блокадного Ленинграда |
Нет доступных экземпляров.





